<?xml version="1.0" encoding="UTF-8"?><collection xmlns="info:lc/xmlns/marcxchange-v2"><record format="Unimarc" type="bibliographic"><leader>00639cam  2200217   450 </leader><controlfield tag="001">1745320</controlfield><controlfield tag="003">http://id.bnportugal.gov.pt/bib/porbase/1745320</controlfield><controlfield tag="005">20030623112900.0</controlfield><datafield ind1=" " ind2=" " tag="010"><subfield code="a">0-300-05292-8</subfield></datafield><datafield ind1=" " ind2=" " tag="035"><subfield code="8">89316</subfield></datafield><datafield ind1=" " ind2=" " tag="095"><subfield code="a">PTBN01017395</subfield></datafield><datafield ind1=" " ind2=" " tag="100"><subfield code="a">19950520d1981    k  y0pory0103    ba</subfield></datafield><datafield ind1="0" ind2=" " tag="101"><subfield code="a">eng</subfield></datafield><datafield ind1=" " ind2=" " tag="102"><subfield code="a">US</subfield></datafield><datafield ind1="1" ind2=" " tag="200"><subfield code="a">Roman imperial architecture</subfield><subfield code="f">J. B. Ward-Perkins</subfield></datafield><datafield ind1=" " ind2=" " tag="210"><subfield code="a">New Haven [etc]</subfield><subfield code="c">Yale University Press</subfield><subfield code="d">1981</subfield></datafield><datafield ind1=" " ind2=" " tag="215"><subfield code="a">532 p.</subfield><subfield code="c">il</subfield></datafield><datafield ind1="2" ind2=" " tag="225"><subfield code="a">The Pelican history of art</subfield></datafield><datafield ind1=" " ind2=" " tag="675"><subfield code="a">72.032(37)</subfield><subfield code="v">BN</subfield><subfield code="z">por</subfield><subfield code="3">340072</subfield></datafield><datafield ind1=" " ind2="1" tag="700"><subfield code="a">Ward-Perkins</subfield><subfield code="b">John Bryan</subfield><subfield code="3">1408761</subfield></datafield><datafield ind1=" " ind2="0" tag="801"><subfield code="a">PT</subfield><subfield code="b">BN</subfield><subfield code="g">RPC</subfield></datafield><datafield ind1=" " ind2=" " tag="977"><subfield code="1">72.032(37) WAR (2)</subfield><subfield code="2">coop</subfield><subfield code="4">UCDARQ</subfield><subfield code="6">mq1770454</subfield><subfield code="7">i</subfield><subfield code="8">coop</subfield><subfield code="9">UCDARQ</subfield><subfield code="b">2651</subfield><subfield code="k">0</subfield></datafield><datafield ind1=" " ind2=" " tag="998"><subfield code="a">CDA9-62</subfield></datafield></record></collection>